Vista normal
Vista MARC
Entrada Personal Name
Número de registros utilizados en: 4
001 - CONTROL NUMBER
- control field: 6317
003 - CONTROL NUMBER IDENTIFIER
- control field: OSt
005 - DATE AND TIME OF LATEST TRANSACTION
- control field: 20230915225839.0
008 - FIXED-LENGTH DATA ELEMENTS
- fixed length control field: 230915|| aca||aabn | a|a d
040 ## - CATALOGING SOURCE
- Original cataloging agency: OSt
- Transcribing agency: OSt
100 ## - HEADING--PERSONAL NAME
- Personal name: Quinto Congreso anual de la Asociación de colombianistas norteAméricanos, celebrado en Cartagena de Indias en la primera semana de agosto de 1988
670 ## - SOURCE DATA FOUND
- Source citation: Work cat.: (OSt)19150: Quinto Congreso anual de la Asociación de colombianistas norteAméricanos, celebrado en Cartagena de Indias en la primera semana de agosto de 1988, Definiciones y realidades : , 1989